[Event "SR 2. liga A 2008/2009"]
[Site "?"]
[Date "2009.01.31"]
[Round "8.3"]
[White "Polasek, Filip"]
[Black "Magyar, Frantisek"]
[Result "0-1"]
[WhiteElo "2096"]
[BlackElo "2015"]
[PlyCount "148"]
[EventDate "2008.??.??"]
[WhiteTeam "Slovakia"]
[BlackTeam "II"]
[WhiteTeamCountry "SVK"]
[BlackTeamCountry "SVK"]

1. e4 c6 2. d4 d5 3. Nc3 dxe4 4. Nxe4 Bf5 5. Ng3 Bg6 6. h4 h6 7. Nf3 Nf6 8. Bd3
Bxd3 9. Qxd3 e6 10. Be3 Be7 11. O-O-O Nbd7 12. Ne2 a5 13. Nh2 Nd5 14. Nc3 N7f6
15. g4 Nxc3 16. Qxc3 Nd5 17. Qd2 b5 18. Nf3 a4 19. Ne5 a3 20. b3 Bb4 21. Qd3
Bc3 22. Kb1 Qd6 23. g5 Bb2 24. Bd2 Ne7 25. gxh6 gxh6 26. Qf3 Nf5 27. Bb4 Qd5
28. Qh5 Ra7 29. Bc5 Rc7 30. Ng4 Qd8 31. Rhe1 Re7 32. Ne5 Qc7 33. Bxe7 Qxe7 34.
Nxc6 Qf6 35. Qe2 O-O 36. Rg1+ Kh7 37. Qd3 b4 38. Rg4 Kh8 39. Ne5 Rd8 40. Qf3
Kh7 41. Rdg1 Bxd4 42. Rg7+ Qxg7 43. Rxg7+ Kxg7 44. Nc6 Rd7 45. Nxb4 Bxf2 46. c4
Bxh4 47. c5 Bg5 48. c6 Rd2 49. Nc2 Rd5 50. Nxa3 Rc5 51. b4 Rc1+ 52. Kb2 Nd4 53.
Qe4 Nxc6 54. Nc2 Ne7 55. b5 Nd5 56. a4 Rd1 57. a5 Bf6+ 58. Kb3 Rg1 59. b6 Rg3+
60. Kc4 h5 61. b7 Rc3+ 62. Kb5 Rb3+ 63. Ka6 Nc7+ 64. Ka7 Nb5+ 65. Kb8 Nd6 66.
Qg2+ Kf8 67. a6 Be5 68. Ka8 Ne8 69. Qc6 h4 70. Qc5+ Bd6 71. Qxd6+ Nxd6 72.
b8=Q+ Rxb8+ 73. Kxb8 Nb5 74. Nd4 Nxd4 0-1

[Event "SR 2. liga A 2008/2009"]
[Site "?"]
[Date "2009.01.31"]
[Round "8.4"]
[White "Bezuch, Martin"]
[Black "Bukovsky, Milan"]
[Result "1-0"]
[WhiteElo "2238"]
[BlackElo "2022"]
[PlyCount "56"]
[EventDate "2008.??.??"]
[WhiteTeam "Slovakia"]
[BlackTeam "II"]
[WhiteTeamCountry "SVK"]
[BlackTeamCountry "SVK"]

1. e4 e5 2. Nf3 Nc6 3. Bc4 Nf6 4. d4 exd4 5. O-O Nxe4 6. Re1 d5 7. Bxd5 Qxd5 8.
Nc3 Qa5 9. Nxe4 Be6 10. Bd2 Qh5 11. Bg5 Be7 12. Bxe7 Kxe7 13. Qd3 f6 14. Nxd4
Nxd4 15. Qxd4 Kf7 16. Nc5 Rhd8 17. Qc3 Bd5 18. Nxb7 Rd7 19. Nc5 Re7 20. Rxe7+
Kxe7 21. Re1+ Kf7 22. Nd3 c6 23. Nf4 Qf5 24. Qd4 g5 25. Nh5 Qg6 26. g4 f5 27.
Qc5 Be6 28. Qd6 Re8 {time} 1-0

[Event "SR 2. liga A 2008/2009"]
[Site "?"]
[Date "2009.01.31"]
[Round "8.4"]
[White "Gajarsky, Roman"]
[Black "Bury, Rastislav"]
[Result "1-0"]
[WhiteElo "1943"]
[BlackElo "2088"]
[PlyCount "71"]
[EventDate "2008.??.??"]
[WhiteTeam "Slovakia"]
[BlackTeam "II"]
[WhiteTeamCountry "SVK"]
[BlackTeamCountry "SVK"]

1. e4 c5 2. c4 Nc6 3. f4 g6 4. h4 Bg7 5. d3 d6 6. g4 h5 7. g5 Nd4 8. Nc3 Qa5 9.
Bd2 Qb6 10. Rb1 Bg4 11. Be2 Nxe2 12. Ngxe2 e6 13. Qa4+ Qc6 14. Qxc6+ bxc6 15.
b4 O-O-O 16. b5 Ne7 17. Be3 f5 18. O-O Bxe2 19. Nxe2 cxb5 20. Rxb5 Kc7 21. Rfb1
Rb8 22. e5 dxe5 23. fxe5 Rxb5 24. Rxb5 Bxe5 25. Rxc5+ Nc6 26. Rxe5 Nxe5 27. Bf4
Kd6 28. d4 Rc8 29. Bxe5+ Kd7 30. c5 Rg8 31. Nf4 a5 32. Kf2 a4 33. Ke3 a3 34.
Kd3 Kc6 35. Kc4 Kd7 36. Kb3 1-0

[Event "SR 2. liga A 2008/2009"]
[Site "?"]
[Date "2009.01.31"]
[Round "8.4"]
[White "Goga, Frantisek"]
[Black "Hecko, Dusan"]
[Result "1/2-1/2"]
[WhiteElo "1960"]
[BlackElo "2160"]
[Annotator "Fritz 9 (20s)"]
[PlyCount "44"]
[EventDate "2008.??.??"]
[WhiteTeam "Slovakia"]
[BlackTeam "II"]
[WhiteTeamCountry "SVK"]
[BlackTeamCountry "SVK"]

{B10: Caro-Kann: 2 d3 and 2 c4} 1. e4 c6 2. c3 {vyhyba sa teorii} d5 3. exd5
Qxd5 4. d4 Nf6 5. Nd2 e5 6. dxe5 (6. Ngf3 exd4 7. Bc4 Qd6 8. Nxd4 Qe5+ 9. Ne2
Bc5 $14) 6... Qxe5+ $11 7. Qe2 Bd6 8. Qxe5+ Bxe5 9. Ngf3 Bc7 10. Bd3 O-O 11.
O-O Re8 12. h3 Nbd7 13. Nc4 (13. Nb3 a5 $11) 13... Nc5 $15 14. Bc2 Be6 15. Ne3
Rad8 16. Nf5 Bc4 17. Re1 Rxe1+ (17... Bd3 18. Rxe8+ Rxe8 19. Bxd3 Nxd3 20. Be3
$15) 18. Nxe1 h6 19. Be3 $11 Bb6 20. Bd4 Ncd7 21. Nd6 Bxd4 22. Nxc4 Bb6 $11
1/2-1/2

[Event "SR 2. liga A 2008/2009"]
[Site "?"]
[Date "2009.01.31"]
[Round "8.4"]
[White "Gono, Michal"]
[Black "Csiba, Peter"]
[Result "0-1"]
[WhiteElo "1854"]
[BlackElo "2041"]
[PlyCount "68"]
[EventDate "2008.??.??"]
[WhiteTeam "Slovakia"]
[BlackTeam "II"]
[WhiteTeamCountry "SVK"]
[BlackTeamCountry "SVK"]

1. d4 d5 2. Nf3 Nf6 3. c4 c6 4. Nc3 dxc4 5. a4 Bf5 6. e3 e6 7. Bxc4 Nbd7 8. O-O
Bb4 9. Qb3 Bxc3 10. bxc3 Qc7 11. Ba3 Ne4 12. Rfd1 Nb6 13. Bd3 Nd5 14. Bxe4 Bxe4
15. Ne5 f6 16. Nc4 Rd8 17. Nd2 Bg6 18. e4 Ne7 19. Qxe6 Bf7 20. Qxe7+ Qxe7 21.
Bxe7 Kxe7 22. Rab1 Rd7 23. a5 Rb8 24. Nb3 b6 25. Nc5 Rdd8 26. Na6 Rb7 27. Nb4
Rc8 28. f4 c5 29. a6 Rd7 30. Nc2 cxd4 31. Nxd4 Rxc3 32. Nf5+ Kd8 33. Nd6 Bc4
34. Nb7+ Ke7 0-1

[Event "SR 2. liga A 2008/2009"]
[Site "?"]
[Date "2009.01.31"]
[Round "8.4"]
[White "Hartl, Jan"]
[Black "Petrik, Karol"]
[Result "1/2-1/2"]
[WhiteElo "2161"]
[BlackElo "2167"]
[PlyCount "109"]
[EventDate "2008.??.??"]
[WhiteTeam "Slovakia"]
[BlackTeam "II"]
[WhiteTeamCountry "SVK"]
[BlackTeamCountry "SVK"]

1. e4 d5 2. exd5 Qxd5 3. Nc3 Qd6 4. d4 a6 5. g3 Nc6 6. d5 Ne5 7. Bf4 g6 8. Qd4
Bg7 9. O-O-O f6 10. Ne4 Qd8 11. Kb1 Nh6 12. h3 O-O 13. Qd2 Nhf7 14. Be3 Nd6 15.
Nxd6 exd6 16. f4 Nf7 17. Ne2 Re8 18. Nd4 Qe7 19. Re1 Nd8 20. Bg2 Bd7 21. Bf2
Qf7 22. Rxe8+ Qxe8 23. Re1 Qf7 24. Nf3 Bf8 25. g4 c5 26. Nh4 b6 27. Bf3 Nb7 28.
f5 g5 29. Ng2 Re8 30. h4 Rxe1+ 31. Qxe1 Qe8 32. c4 Qxe1+ 33. Nxe1 gxh4 34. Bxh4
Kf7 35. Kc2 h5 36. Ng2 Bh6 37. Kd3 b5 38. b3 Ke7 39. Ke4 hxg4 40. Bxg4 Nd8 41.
Nf4 Bxf4 42. Kxf4 bxc4 43. bxc4 Nf7 44. Be2 Ba4 45. Bd3 Ne5 46. Ke3 Bd7 47. Bg3
Nxd3 48. Kxd3 Bxf5+ 49. Kc3 Bh3 50. Bf4 Bf1 51. Bg3 Kd7 52. Bf4 Be2 53. Bg3 Kc7
54. Bf4 a5 55. a3 1/2-1/2

[Event "SR 2. liga A 2008/2009"]
[Site "?"]
[Date "2009.01.31"]
[Round "8.4"]
[White "Mruskovic, Radoslav"]
[Black "Certek, Pavel"]
[Result "0-1"]
[WhiteElo "1968"]
[BlackElo "2216"]
[PlyCount "86"]
[EventDate "2008.??.??"]
[WhiteTeam "Slovakia"]
[BlackTeam "II"]
[WhiteTeamCountry "SVK"]
[BlackTeamCountry "SVK"]

1. d4 Nf6 2. c4 g6 3. g3 Bg7 4. Bg2 O-O 5. Nf3 d5 6. cxd5 Nxd5 7. O-O Nb6 8.
Nc3 Nc6 9. e3 e5 10. dxe5 Nxe5 11. Nxe5 Bxe5 12. Qc2 c6 13. b3 Re8 14. Bb2 Qe7
15. Rfe1 Be6 16. e4 Qc5 17. Rac1 Rad8 18. Qe2 Qf8 19. Na4 Bxb2 20. Nxb2 Rd4 21.
Rcd1 Red8 22. Rxd4 Rxd4 23. Rd1 Qc5 24. Rxd4 Qxd4 25. h4 Nd7 26. Nd3 Nf6 27.
Bf3 h5 28. Kg2 Kg7 29. Nf4 Nd7 30. Nxe6+ fxe6 31. Qd1 c5 32. Qxd4+ cxd4 33. g4
hxg4 34. Bxg4 Kf7 35. f4 Nc5 36. Kf3 a5 37. e5 b5 38. Ke2 b4 39. Kd1 Nd3 40. h5
Nf2+ 41. Ke2 Nxg4 42. hxg6+ Kxg6 43. Kd3 Kf5 0-1

[Event "SR 2. liga A 2008/2009"]
[Site "?"]
[Date "2009.01.31"]
[Round "8.5"]
[White "Hazir, Svetozar"]
[Black "Janos, Ivan"]
[Result "1-0"]
[WhiteElo "2143"]
[BlackElo "2159"]
[PlyCount "143"]
[EventDate "2008.??.??"]
[WhiteTeam "Slovakia"]
[BlackTeam "II"]
[WhiteTeamCountry "SVK"]
[BlackTeamCountry "SVK"]

1. e4 c5 2. Nf3 e6 3. c4 Nc6 4. Nc3 Nd4 5. d3 g6 6. Be3 Bg7 7. e5 Qa5 8. Nxd4
cxd4 9. Bxd4 Ne7 10. b4 Qxb4 11. Rb1 Qa5 12. Rb5 Qd8 13. Ne4 Nf5 14. Bc3 d5 15.
exd6 Bxc3+ 16. Nxc3 Nd4 17. Rb2 Qxd6 18. Be2 O-O 19. O-O Qa3 20. Qd2 Bd7 21.
Rd1 Bc6 22. Bf1 Rad8 23. Ne2 Qc5 24. Qe3 Qh5 25. Rdd2 Qc5 26. Nc3 f5 27. Nb5 f4
28. Qe1 Bxb5 29. cxb5 f3 30. g3 e5 31. a4 Rf6 32. Qe3 Qc1 33. Qxe5 Ne2+ 34.
Rxe2 fxe2 35. Rxe2 Rdf8 36. Qd5+ R6f7 37. Qc4 Qxc4 38. dxc4 Rc7 39. Bg2 b6 40.
a5 bxa5 41. Ra2 Re8 42. Bd5+ Kf8 43. Rxa5 Ree7 44. h4 Kg7 45. Ra6 Re5 46. Kg2
Rf5 47. f4 Rf6 48. Ra1 Rd6 49. Kf3 Re7 50. Rd1 Rd8 51. g4 Rc7 52. Ra1 Re7 53.
Ra6 Rde8 54. f5 Rf8 55. Be6 h5 56. g5 gxf5 57. Kf4 Rfe8 58. Kxf5 Rf8+ 59. Ke5
Rf1 60. Kd6 Kf8 61. Rc6 Rd1+ 62. Bd5 Re4 63. Kc5 Rxh4 64. Rc7 Rg4 65. Rxa7 h4
66. Rh7 Rxg5 67. b6 Rb1 68. Rxh4 Rg6 69. b7 Rgb6 70. Rh7 R1b2 71. Bc6 Kg8 72.
Rc7 1-0

[Event "SR 2. liga A 2008/2009"]
[Site "?"]
[Date "2009.01.31"]
[Round "8.5"]
[White "Mikulas, Dusan"]
[Black "Kundrak, Vladimir"]
[Result "1/2-1/2"]
[WhiteElo "2183"]
[BlackElo "1942"]
[PlyCount "56"]
[EventDate "2008.??.??"]
[WhiteTeam "Slovakia"]
[BlackTeam "II"]
[WhiteTeamCountry "SVK"]
[BlackTeamCountry "SVK"]

1. e4 c5 2. Nf3 Nc6 3. d4 cxd4 4. Nxd4 g6 5. Nc3 Bg7 6. Be3 Nf6 7. Nb3 O-O 8.
Be2 a5 9. a4 Nb4 10. O-O d5 11. e5 Ne4 12. f3 Nxc3 13. bxc3 Nc6 14. f4 f6 15.
Qd2 fxe5 16. fxe5 Rxf1+ 17. Rxf1 Nxe5 18. Bh6 Bxh6 19. Qxh6 Bf5 20. Qf4 Nc6 21.
Kh1 e5 22. Qf2 d4 23. Bc4+ Kg7 24. Qe2 Qg5 25. cxd4 exd4 26. Re1 Bg4 27. Qe4
Qf5 28. Nxd4 Qxe4 1/2-1/2

[Event "SR 2. liga A 2008/2009"]
[Site "?"]
[Date "2009.01.31"]
[Round "8.5"]
[White "Peitl, Tomas"]
[Black "Mihalik, Anton"]
[Result "1/2-1/2"]
[WhiteElo "2033"]
[BlackElo "1959"]
[PlyCount "34"]
[EventDate "2008.??.??"]
[WhiteTeam "Slovakia"]
[BlackTeam "II"]
[WhiteTeamCountry "SVK"]
[BlackTeamCountry "SVK"]

1. e4 c5 2. Nf3 d6 3. d4 cxd4 4. Nxd4 Nf6 5. Nc3 a6 6. Bg5 e6 7. f4 Be7 8. Qf3
Qc7 9. O-O-O Nbd7 10. Bd3 b5 11. Rhe1 Bb7 12. Qg3 b4 13. Nce2 Nc5 14. Bxf6 Bxf6
15. Qe3 Rc8 16. Kb1 Nxd3 17. Qxd3 Qc4 1/2-1/2

[Event "SR 2. liga A 2008/2009"]
[Site "?"]
[Date "2009.01.31"]
[Round "8.5"]
[White "Sturdik, Igor"]
[Black "Hricak, Vasil"]
[Result "1-0"]
[WhiteElo "2022"]
[BlackElo "2046"]
[PlyCount "77"]
[EventDate "2008.??.??"]
[WhiteTeam "Slovakia"]
[BlackTeam "II"]
[WhiteTeamCountry "SVK"]
[BlackTeamCountry "SVK"]

1. e4 c5 2. Nf3 Nc6 3. d4 cxd4 4. Nxd4 Nf6 5. Nc3 e5 6. Ndb5 d6 7. Bg5 a6 8.
Na3 b5 9. Bxf6 gxf6 10. Nd5 Bg7 11. Bd3 Ne7 12. Nxe7 Qxe7 13. O-O O-O 14. Qh5
f5 15. exf5 e4 16. Rae1 d5 17. f6 Qxf6 18. Rxe4 dxe4 19. Bxe4 h6 20. Bxa8 Qxb2
21. Qf3 Be6 22. Be4 b4 23. Nb1 Qxa2 24. Nd2 a5 25. Nb3 Rc8 26. Rd1 Qa3 27. Bf5
a4 28. Bxe6 fxe6 29. Qg4 Re8 30. Nc5 Qa2 31. h4 Kh8 32. Qg6 Rg8 33. Nxe6 Bf8
34. Qf6+ Bg7 35. Nxg7 Rxg7 36. Rd8+ Kh7 37. Qf5+ Rg6 38. Rd7+ Kh8 39. Qe5+ 1-0

[Event "SR 2. liga A 2008/2009"]
[Site "?"]
[Date "2009.01.31"]
[Round "8.5"]
[White "Vach, Pavol"]
[Black "Priam, Stefan"]
[Result "1-0"]
[WhiteElo "2104"]
[BlackElo "1898"]
[PlyCount "93"]
[EventDate "2008.??.??"]
[WhiteTeam "Slovakia"]
[BlackTeam "II"]
[WhiteTeamCountry "SVK"]
[BlackTeamCountry "SVK"]

1. d4 Nf6 2. c4 g6 3. Nc3 d5 4. Bf4 a6 5. e3 Bg7 6. Nf3 O-O 7. Qb3 c6 8. Ne5 e6
9. Bd3 dxc4 10. Bxc4 Nd5 11. Bxd5 cxd5 12. O-O Nd7 13. Nd3 b6 14. Rac1 a5 15.
a4 Ba6 16. Nb5 Rc8 17. Bc7 Qf6 18. Nd6 Bc4 19. Nxc4 Rxc7 20. Nxb6 Rb7 21. Nxd7
Rxb3 22. Nxf6+ Bxf6 23. Nc5 Rxb2 24. Nd7 Be7 25. Nxf8 Kxf8 26. Rb1 Rxb1 27.
Rxb1 Bb4 28. Kf1 Ke8 29. Ke2 Kd7 30. Rc1 h6 31. Kd3 g5 32. f3 Be7 33. g4 Bb4
34. Rh1 Be7 35. f4 f6 36. fxg5 fxg5 37. Rb1 Bb4 38. Rf1 Ke7 39. h4 Bd6 40. hxg5
hxg5 41. Rh1 Bb4 42. Rh5 Kf6 43. Rh7 e5 44. Rh6+ Kg7 45. Rb6 e4+ 46. Kc2 Be1
47. Rd6 1-0

[Event "SR 2. liga A 2008/2009"]
[Site "?"]
[Date "2009.01.31"]
[Round "8.6"]
[White "Curidlo, Jan"]
[Black "Bebiak, Jozef"]
[Result "0-1"]
[WhiteElo "1979"]
[BlackElo "2101"]
[PlyCount "61"]
[EventDate "2008.??.??"]
[WhiteTeam "Slovakia"]
[BlackTeam "II"]
[WhiteTeamCountry "SVK"]
[BlackTeamCountry "SVK"]

1. e4 c5 2. Nf3 a6 3. d4 cxd4 4. Nxd4 Nf6 5. Nc3 e5 6. Nb3 Bb4 7. Bd3 d5 8. O-O
Bxc3 9. bxc3 dxe4 10. Be2 O-O 11. h3 Qc7 12. Bb2 b6 13. Qd2 Bb7 14. Rfd1 Nc6
15. c4 Rfd8 16. Qe1 a5 17. Rxd8+ Rxd8 18. c3 Ne7 19. Bc1 a4 20. Nd2 Ng6 21. Nf1
Nf4 22. Ne3 Nd3 23. Qf1 Ba6 24. Rb1 Bxc4 25. Nxc4 Qxc4 26. Rxb6 Qxc3 27. Bg5
Rc8 28. Rd6 Qb4 29. Ra6 h6 30. Be3 Qc4 31. Qb1 0-1

[Event "SR 2. liga A 2008/2009"]
[Site "?"]
[Date "2009.01.31"]
[Round "8.6"]
[White "Durovka, Stefan"]
[Black "Pericka, Tomas"]
[Result "0-1"]
[WhiteElo "1875"]
[BlackElo "1905"]
[PlyCount "96"]
[EventDate "2008.??.??"]
[WhiteTeam "Slovakia"]
[BlackTeam "II"]
[WhiteTeamCountry "SVK"]
[BlackTeamCountry "SVK"]

1. Nf3 c5 2. e4 Nc6 3. Be2 g6 4. O-O Bg7 5. c3 d5 6. exd5 Qxd5 7. d3 Nf6 8.
Nbd2 O-O 9. Nc4 e5 10. Bg5 Be6 11. Re1 b5 12. Ne3 Qd6 13. h3 b4 14. Nd2 Nd7 15.
Ne4 Qc7 16. Bh4 h6 17. f3 f5 18. Nd2 Rab8 19. Bf2 bxc3 20. bxc3 Ne7 21. Qc2 Rb7
22. Rab1 Rfb8 23. Nec4 Nd5 24. Rxb7 Rxb7 25. Bf1 Bf7 26. Bg3 Nf4 27. Bxf4 exf4
28. Nb3 Nf6 29. d4 cxd4 30. Nca5 Bxb3 31. axb3 Qxa5 32. b4 Qa3 33. c4 Qxb4 34.
Qe2 Qd6 35. Qa2 Qc5 36. Kh2 Nd7 37. Qa6 Rc7 38. Qxg6 Ne5 39. Qe8+ Kh7 40. h4
Re7 41. Rxe5 Qxe5 42. Qc8 Qf6 43. Kg1 d3 44. Bxd3 Qd4+ 45. Kh2 Qxd3 46. c5 Bd4
47. h5 Qb1 48. Qd8 Qg1+ 0-1

[Event "SR 2. liga A 2008/2009"]
[Site "?"]
[Date "2009.01.31"]
[Round "8.6"]
[White "Kollarik, Gorazd"]
[Black "Stefan, Oldrich"]
[Result "0-1"]
[WhiteElo "1941"]
[BlackElo "2030"]
[PlyCount "74"]
[EventDate "2008.??.??"]
[WhiteTeam "Slovakia"]
[BlackTeam "II"]
[WhiteTeamCountry "SVK"]
[BlackTeamCountry "SVK"]

1. e4 c5 2. Nf3 d6 3. d4 cxd4 4. Nxd4 Nf6 5. Nc3 Nc6 6. Be2 e5 7. Nb3 Be6 8.
Be3 Be7 9. O-O a5 10. a4 O-O 11. Bf3 Nb4 12. g3 Rc8 13. Rc1 d5 14. exd5 Nfxd5
15. Nxd5 Bxd5 16. Bxd5 Nxd5 17. Qe2 Nxe3 18. fxe3 Qb6 19. Rf2 Bg5 20. Re1 Qb4
21. Kf1 Qxa4 22. Ra1 Qc6 23. Kg1 a4 24. Nc1 Qb6 25. Rxa4 Bxe3 26. Nd3 Bxf2+ 27.
Qxf2 Qxf2+ 28. Kxf2 Rxc2+ 29. Kf3 Rd8 30. Nxe5 Rxb2 31. h4 f6 32. Ng4 b5 33.
Ra7 Rb8 34. Rd7 Rb1 35. Ne3 b4 36. Nd1 b3 37. Rd2 b2 0-1

[Event "SR 2. liga A 2008/2009"]
[Site "?"]
[Date "2009.01.31"]
[Round "8.6"]
[White "Michal, Silvio"]
[Black "Deak, Gabriel"]
[Result "1-0"]
[WhiteElo "2123"]
[BlackElo "2044"]
[PlyCount "67"]
[EventDate "2008.??.??"]
[WhiteTeam "Slovakia"]
[BlackTeam "II"]
[WhiteTeamCountry "SVK"]
[BlackTeamCountry "SVK"]

1. c4 e6 2. Nc3 d5 3. d4 Nf6 4. Bg5 Nbd7 5. e3 Bb4 6. Rc1 c5 7. Nf3 Qa5 8. Bxf6
Nxf6 9. Qb3 cxd4 10. exd4 O-O 11. a3 Bd6 12. c5 Bf4 13. Rd1 e5 14. dxe5 Bxe5
15. Nxe5 Re8 16. f4 Qxc5 17. Qb4 Qe3+ 18. Be2 Ne4 19. Nxe4 dxe4 20. Qd2 Qb6 21.
Qd4 Qa5+ 22. Qb4 Qc7 23. Bc4 Be6 24. Bxe6 Rxe6 25. O-O g5 26. Rd7 Qc2 27. Qxb7
Rf8 28. Rxf7 e3 29. Rxf8+ Kxf8 30. fxg5+ Qf2+ 31. Rxf2+ exf2+ 32. Kxf2 Rxe5 33.
Qxh7 Rxg5 34. Qxa7 1-0

[Event "SR 2. liga A 2008/2009"]
[Site "?"]
[Date "2009.01.31"]
[Round "8.6"]
[White "Sustak, Roman"]
[Black "Milanov, Jasen"]
[Result "0-1"]
[WhiteElo "1975"]
[BlackElo "1952"]
[PlyCount "84"]
[EventDate "2008.??.??"]
[WhiteTeam "Slovakia"]
[BlackTeam "II"]
[WhiteTeamCountry "SVK"]
[BlackTeamCountry "SVK"]

1. Nf3 e6 2. g3 Nf6 3. Bg2 Be7 4. c4 d5 5. b3 O-O 6. Bb2 b6 7. Qc2 Bb7 8. O-O
Nbd7 9. Nc3 c5 10. cxd5 exd5 11. d4 Rc8 12. Rac1 a6 13. Qb1 Re8 14. Rfd1 Bf8
15. e3 c4 16. Ng5 h6 17. Nh3 Rc7 18. Nf4 Qa8 19. Nce2 b5 20. bxc4 dxc4 21. Bxb7
Qxb7 22. d5 g5 23. Qf5 Bg7 24. Ne6 fxe6 25. dxe6 Nc5 26. Bxf6 Nxe6 27. Rd6 Rc6
28. Rcd1 Rxd6 29. Rxd6 Qf7 30. Nd4 Nxd4 31. exd4 Rf8 32. Rxa6 Bxf6 33. d5 Bg7
34. Qxf7+ Rxf7 35. d6 c3 36. Rc6 Rd7 37. f4 gxf4 38. gxf4 b4 39. Kf2 Bf8 40. a3
Rxd6 41. Rc4 bxa3 42. Rxc3 Ra6 0-1

[Event "SR 2. liga A 2008/2009"]
[Site "?"]
[Date "2009.01.31"]
[Round "8.6"]
[White "Vrba, Michal"]
[Black "Krist, Milan"]
[Result "1-0"]
[WhiteElo "1974"]
[BlackElo "2046"]
[PlyCount "87"]
[EventDate "2008.??.??"]
[WhiteTeam "Slovakia"]
[BlackTeam "II"]
[WhiteTeamCountry "SVK"]
[BlackTeamCountry "SVK"]

1. e4 e6 2. d4 d5 3. Nc3 Nf6 4. Bg5 Be7 5. e5 Nfd7 6. h4 a6 7. Qg4 c5 8. Bxe7
Qxe7 9. Qxg7 Qf8 10. Qxf8+ Kxf8 11. dxc5 Nxc5 12. a3 Bd7 13. O-O-O Bc6 14. Nh3
Nbd7 15. f4 Rc8 16. Kb1 Rg8 17. Rg1 Ke7 18. g4 Na4 19. Nxa4 Bxa4 20. b3 Bc6 21.
g5 Nc5 22. Nf2 Rgd8 23. Bd3 Nxd3 24. Rxd3 Bb5 25. Rd2 Rc3 26. a4 Be8 27. Rd3
Rdc8 28. Rxc3 Rxc3 29. Nd3 a5 30. Kb2 Rc7 31. h5 b6 32. Nf2 Kf8 33. Ng4 b5 34.
axb5 Bxb5 35. h6 Kg8 36. Nf6+ Kh8 37. Ra1 Ra7 38. c3 Bd3 39. Rd1 Bf5 40. Rd4
Ra8 41. Ra4 Bd3 42. b4 d4 43. Rxa5 Rc8 44. Rc5 1-0

[Event "SR 2. liga A 2008/2009"]
[Site "?"]
[Date "2009.01.31"]
[Round "8.7"]
[White "Diviak, Rastislav"]
[Black "Halasz, Michal"]
[Result "1-0"]
[WhiteElo "2022"]
[BlackElo "1837"]
[PlyCount "63"]
[EventDate "2008.??.??"]
[WhiteTeam "Slovakia"]
[BlackTeam "II"]
[WhiteTeamCountry "SVK"]
[BlackTeamCountry "SVK"]

1. e4 e6 2. d4 d5 3. Nd2 Nf6 4. e5 Nfd7 5. Bd3 b6 6. c3 Ba6 7. Bc2 c5 8. Ne2
cxd4 9. cxd4 Nc6 10. Nf3 Be7 11. O-O Rc8 12. a3 h6 13. Re1 Qc7 14. Nc3 Na5 15.
Ba4 Nc6 16. Be3 Qb8 17. Nb5 Bb7 18. Bc2 a6 19. Nc3 b5 20. Ne2 b4 21. Qd2 a5 22.
Ng3 Ba6 23. Rec1 b3 24. Bd3 Bxd3 25. Qxd3 a4 26. Qa6 Nb6 27. Nd2 O-O 28. f4 Rc7
29. f5 exf5 30. Nxf5 Rd8 31. Rxc6 Rxc6 32. Nxe7+ 1-0

[Event "SR 2. liga A 2008/2009"]
[Site "?"]
[Date "2009.01.31"]
[Round "8.7"]
[White "Grich, Juraj"]
[Black "Slamka, Michal"]
[Result "1/2-1/2"]
[WhiteElo "1977"]
[BlackElo "1736"]
[PlyCount "82"]
[EventDate "2008.??.??"]
[WhiteTeam "Slovakia"]
[BlackTeam "II"]
[WhiteTeamCountry "SVK"]
[BlackTeamCountry "SVK"]

1. d4 Nf6 2. c4 e6 3. Nc3 b6 4. e4 Bb4 5. Qc2 Bb7 6. e5 Ne4 7. Nf3 f5 8. Bd3
O-O 9. O-O Nxc3 10. bxc3 Be7 11. d5 Na6 12. Nd4 Nc5 13. Rd1 Qe8 14. Bf1 Qg6 15.
Ba3 Rac8 16. Nb3 Nxb3 17. axb3 Bxa3 18. Rxa3 a5 19. b4 axb4 20. cxb4 Ra8 21.
Rg3 Qh6 22. dxe6 Qxe6 23. c5 Kh8 24. cxb6 cxb6 25. Rd6 Qxe5 26. Rxd7 Be4 27.
Qd2 Rg8 28. h4 Bc6 29. Rd6 Be4 30. Rxb6 Rgd8 31. Qc1 Rac8 32. Qe1 Ra8 33. Qe3
f4 34. Rg5 Qxg5 35. Qxe4 Qxh4 36. Re6 Rab8 37. b5 Qh5 38. b6 Qc5 39. Bd3 Qh5
40. Be2 Qc5 41. b7 Qc1+ 1/2-1/2

[Event "SR 2. liga A 2008/2009"]
[Site "?"]
[Date "2009.01.31"]
[Round "8.7"]
[White "Hecht, Tomas"]
[Black "Soldan, Jan"]
[Result "1-0"]
[WhiteElo "1981"]
[BlackElo "1934"]
[PlyCount "39"]
[EventDate "2008.??.??"]
[WhiteTeam "Slovakia"]
[BlackTeam "II"]
[WhiteTeamCountry "SVK"]
[BlackTeamCountry "SVK"]

1. e4 c5 2. c3 d6 3. d4 cxd4 4. cxd4 g6 5. Bc4 e5 6. dxe5 Qa5+ 7. Nc3 dxe5 8.
Qb3 Qc7 9. Nd5 Qd6 10. Bg5 f6 11. Bd2 Nc6 12. Nf3 Nge7 13. Ne3 Bh6 14. Bf7+ Kf8
15. O-O Kg7 16. Rad1 Nd4 17. Nxd4 Qxd4 18. Bb4 Qb6 19. Bxe7 Qxb3 20. Bxb3 1-0

[Event "SR 2. liga A 2008/2009"]
[Site "?"]
[Date "2009.01.31"]
[Round "8.7"]
[White "Lesny, Stefan"]
[Black "Slaby, Jozef"]
[Result "1/2-1/2"]
[WhiteElo "2105"]
[BlackElo "1930"]
[PlyCount "53"]
[EventDate "2008.??.??"]
[WhiteTeam "Slovakia"]
[BlackTeam "II"]
[WhiteTeamCountry "SVK"]
[BlackTeamCountry "SVK"]

1. e4 e6 2. f4 d5 3. e5 c5 4. Nf3 Nc6 5. c3 Nge7 6. d3 Nf5 7. Be2 Qb6 8. O-O g6
9. Na3 Bd7 10. Nc2 Rc8 11. g4 Ng7 12. Ne3 h5 13. g5 Ne7 14. Nh4 Bb5 15. a4 Bd7
16. Bf3 Qc7 17. Qe2 Bc6 18. Bd2 Qd7 19. a5 Rd8 20. Nd1 Nef5 21. Nxf5 Nxf5 22.
Nf2 Bb5 23. Rfd1 Nh4 24. Bh1 Nf5 25. Bf3 Nh4 26. Bh1 Nf5 27. Bf3 1/2-1/2

[Event "SR 2. liga A 2008/2009"]
[Site "?"]
[Date "2009.01.31"]
[Round "8.7"]
[White "Puchart, Vladimir"]
[Black "Czucz, Andrej"]
[Result "1-0"]
[WhiteElo "2024"]
[BlackElo "2004"]
[PlyCount "81"]
[EventDate "2008.??.??"]
[WhiteTeam "Slovakia"]
[BlackTeam "II"]
[WhiteTeamCountry "SVK"]
[BlackTeamCountry "SVK"]

1. d4 Nf6 2. c4 g6 3. Nc3 Bg7 4. e4 d6 5. Bd3 Nbd7 6. Nge2 e5 7. O-O O-O 8. f3
c6 9. Be3 Qc7 10. Qd2 Re8 11. Rfd1 a6 12. Rac1 Bf8 13. Na4 exd4 14. Bxd4 c5 15.
Be3 Ne5 16. Nf4 Be6 17. Be2 Red8 18. b3 Qc6 19. Nc3 Be7 20. Qc2 Rab8 21. a4 Qe8
22. h3 Nc6 23. Rd2 Nb4 24. Qb1 Bf8 25. Rcd1 Qe7 26. Nxe6 fxe6 27. f4 Bh6 28. g3
b6 29. Bf3 e5 30. Kg2 Nc6 31. Re1 Nd4 32. fxe5 Nxf3 33. Kxf3 Qxe5 34. Bxh6
Qxc3+ 35. Qd3 Qe5 36. Bf4 Qh5+ 37. Kg2 Ne8 38. Qe3 Rb7 39. g4 Qh4 40. Bg5 Qxe1
41. Qxe1 1-0

[Event "SR 2. liga A 2008/2009"]
[Site "?"]
[Date "2009.01.31"]
[Round "8.8"]
[White "Horvath, Marek"]
[Black "Klimes, Milan"]
[Result "0-1"]
[WhiteElo "1839"]
[BlackElo "1958"]
[PlyCount "88"]
[EventDate "2008.??.??"]
[WhiteTeam "Slovakia"]
[BlackTeam "II"]
[WhiteTeamCountry "SVK"]
[BlackTeamCountry "SVK"]

1. e4 c5 2. Nf3 d6 3. d4 cxd4 4. Nxd4 Nf6 5. Nc3 a6 6. a4 b6 7. Bc4 Qc7 8. Bb3
Nc6 9. Nd5 Nxd5 10. Bxd5 Nxd4 11. Qxd4 Rb8 12. O-O e5 13. Qd3 Be7 14. f4 O-O
15. fxe5 dxe5 16. Qg3 Qd6 17. Bd2 Bb7 18. Bc3 Qc5+ 19. Kh1 Bd6 20. Bd2 Kh8 21.
Rxf7 Rxf7 22. Bxf7 Bxe4 23. Rc1 Rf8 24. Bb3 Qf2 25. Be3 Bxg2+ 26. Qxg2 Qxe3 27.
Rf1 Rxf1+ 28. Qxf1 Bc5 29. Bd5 Qd4 30. Bg2 Qxb2 31. Qxa6 Qc1+ 32. Bf1 Qf4 33.
Qd3 Qd4 34. Qxd4 Bxd4 35. Bd3 g6 36. Kg2 Kg7 37. Kf3 Kf6 38. h4 h6 39. h5 gxh5
40. Kg3 Kg5 41. Kh3 h4 42. Kg2 Kf4 43. Kh3 e4 44. Be2 Ke3 0-1